000 00653nam a2200229Ia 4500
003 OSt
005 20220928143519.0
006 a|||||r|||| 00| 0
007 ta
008 220927b |||||||| |||| 00| 0 eng d
024 _a22223
037 _cAnnuals, Advances
040 _aSDCL
_cSDCL
_beng
041 _2eng
_aeng
082 _aE9G,986, M4
100 _aGoldberger Robert F Ed.
_9505497
245 0 _aBiological regulationt and development.
260 _c1984
700 _a Yamamoto Keith R Ed.
_9505498
942 _hE9G,986, M4
_cREF
_2CC
999 _c824224
_d824224